000 00247nam a2200097Ia 4500
008 190216s9999||||xx |||||||||||||| ||und||
100 _aJames M Kolman
245 0 _aPekshikatha Sidhantham Sadaranakkarane
260 _bKerala Basha Inst
942 _cBK
999 _c37614
_d37614